| 000 | 01351nam a22003974i 4500 | ||
|---|---|---|---|
| 999 |
_c7325 _d7325 |
||
| 001 | .b75172872 | ||
| 003 | OSt | ||
| 005 | 20210406121013.0 | ||
| 008 | 210324e202103 spca||||||||||||| 0|cat|c | ||
| 017 |
_aDL B 3378-2021 _bBiblioteca de Catalunya |
||
| 020 | _a9788498094916 | ||
| 040 |
_aES-BaURL _bcat _erda _cES-BaURL |
||
| 100 | 1 |
_aAlsius, Salvador, _eautor |
|
| 245 | 1 | 0 |
_aCom TV3 no hi ha(via) res / _cSalvador Alsius |
| 250 | _aPrimera edició | ||
| 264 | 1 |
_aBarcelona : _bPòrtic, _cmarç del 2021 |
|
| 300 |
_a330 pàgines : _bil·lustracions; _c22 cm |
||
| 336 |
_atext _btxt _2rdacontent |
||
| 337 |
_asense mediació _bn _2rdamedia |
||
| 338 |
_avolum _bnc _2rdacarrier |
||
| 610 | 2 | 4 |
_aTelevisió de Catalunya _2thub |
| 648 | 9 |
_a1983-1990 _2thub |
|
| 650 | 7 |
_aMitjans de comunicació de massa i llengua _zCatalunya _2lemac |
|
| 650 | 7 |
_aTelevisió _xLlenguatge _2lemac |
|
| 650 | 7 |
_aPeriodisme _xManuals d'estil _2lemac |
|
| 650 | 7 |
_aPeriodisme _zCatalunya _2lemac |
|
| 650 | 7 |
_aTelevisió de Catalunya _xHistòria _2lemac |
|
| 650 | 7 |
_aPresentadors de televisió _zCatalunya _2lemac |
|
| 650 | 9 |
_aHistòria _2thub |
|
| 650 | 9 |
_aTelenotícies _2thub |
|
| 650 | 9 |
_aPeriodisme _2thub |
|
| 651 | 9 |
_aCatalunya _2thub |
|
| 907 |
_a.b75172872 _b06-04-21 _c24-03-21 _d24-03-21 _em _fa _g- _hcat _ispc _j0 _k0 |
||
| 940 | _aURL | ||
| 942 |
_2udc _cMON |
||